Statistiques concernant Cours d'eau de France par villes traversées

Cliquez ici pour prendre le quiz!

Statistiques générales

  • Ce quiz a été pris 111 fois
  • Le résultat moyen est 10 sur 15

Statistiques - réponses

DifficultéVillesCours d'eau% Correct
FacileMelun - Vernon - RouenSeine
95%
FacileAvignon - Valence - VienneRhône
92%
FacileAgen - Carbonne - ToulouseGaronne
88%
FacileMâcon - Gray - TournusSaône
88%
FacileRochefort - Cognac - AngoulêmeCharente
75%
FacileBergerac - Souillac - LibourneDordogne
72%
MoyenCharleville Mézières - Sedan - VerdunMeuse
71%
DifficileRedon - Rennes - VitréLa Vilaine
69%
MoyenBesançon - Baume les Dames - DoleDoubs
68%
MoyenCreil - Compiègne - La FèreOise
67%
DifficileVierzon - Montluçon - ToursLe Cher
65%
DifficileNogent le Roi - Maintenon - ChartresEure
61%
MoyenCarcassonne - Limoux - TrèbesAude
57%
DifficileSaint Laurent du **** - Apatou - MaripasoulaMaroni
49%
DifficileEntrevaux - Guillaumes - ColomarsVar
30%

Distribution des résultats

Percentile par nombre de réponses

% des personnes avec chaque résultat

Votre développement - résultats

Vous n’avez pas pris ce quiz